Итоговая конференция Военно-научного общества слушателей, посвященная 60-й годовщине ВЛКСМ, 25 апреля 1978 г. Ч. 1 (Запись № 4786417)

Подробности
000 -МАРКЕР
контрольное поле 01178nam2a22002291 4500
001 - ИДЕНТИФИКАТОР ЗАПИСИ
контрольное поле rc\2241777
005 - ИДЕНТИФИКАТОР ВЕРСИИ
контрольное поле 20250623065700.0
035 ## - ДРУГИЕ СИСТЕМНЫЕ НОМЕРА
Идентификатор записи (NLR Aleph) 006650229
100 ## - ДАННЫЕ ОБЩЕЙ ОБРАБОТКИ
Данные общей обработки 20110829d1978 |||y0rusy50 ca
101 0# - ЯЗЫК РЕСУРСА
Язык текста, звукозаписи и т.д. русский
102 ## - СТРАНА ПУБЛИКАЦИИ ИЛИ ПРОИЗВОДСТВА
Страна публикации Российская Федерация
105 ## - ПОЛЕ КОДИРОВАННЫХ ДАННЫХ: ТЕКСТОВЫЕ МАТЕРИАЛЫ, МОНОГРАФИЧЕСКИЕ
Кодированные данные о монографическом текстовом документе y z |||||
200 0# - ЗАГЛАВИЕ И СВЕДЕНИЯ ОБ ОТВЕТСТВЕННОСТИ
Основное заглавие Ч. 1
210 ## - ПУБЛИКАЦИЯ, РАСПРОСТРАНЕНИЕ И ДР.
Дата издания, распространения и т.д. 1978
Место издания, распространения и т.д. Б. м.
215 ## - ФИЗИЧЕСКАЯ ХАРАКТЕРИСТИКА
Специфическое обозначение материала и объем 358 с.
461 #0 - УРОВЕНЬ НАБОРА
Встроенное поле 001rc\2241776
-- 2001#$aИтоговая конференция Военно-научного общества слушателей, посвященная 60-й годовщине ВЛКСМ, 25 апреля 1978 г.$eТез. и реф. докл.$vЧ. 1
Системный номер (АБИС) связанной записи 4786409
Автор Военно-медицинская академия им. С. М. Кирова (Ленинград). Военно-научное общество
Место публикации Ленинград
Дата публикации 1978
Имя издателя, распространителя и т.д. Б. и.
Сведения, относящиеся к заглавию Тез. и реф. докл.
Заглавие Итоговая конференция Военно-научного общества слушателей, посвященная 60-й годовщине ВЛКСМ, 25 апреля 1978 г.
Номер тома Ч. 1
801 #0 - ИСТОЧНИК ЗАПИСИ
Страна Российская Федерация
Организация NLR
Правила каталогизации psbo
801 #1 - ИСТОЧНИК ЗАПИСИ
Страна Российская Федерация
Организация ELAR
Источник данных rusmarc
852 ## - МЕСТОНАХОЖДЕНИЕ И ШИФР ХРАНЕНИЯ
Идентификатор организации NLR
Шифр хранения (Call Number) 80-3/9412
942 ## - ДОПОЛНИТЕЛЬНЫЕ ЭЛЕМЕНТЫ ЗАПИСИ (АБИС)
Тип экземпляра АБИС Книга
980 ## - КОЛЛЕКЦИЯ
Название коллекции Национальная библиография
Экземпляры
Тип экземпляра Дата поступления Библиотека постоянного хранения Библиотека текущего хранения Место хранения Шифр хранения Штрих-код Статус экземпляра
Книга 26.10.2013 РНБ (Московский) РНБ (Московский) Русский книжный фонд: издания с 1957 года 80-3/9412 6650229-10